<The> Future of Coal-Fired Power Plants in Poland and Slovakia
Ciele Európskej únie v oblasti dekarbonizácie. Podiel uhlia sa v celkovom energetickom mixe postupne znižuje. Prechod a minimalizovanie sociálnych škôd vyplývajúcich zo zastavenia ťažby uhlia a jeho následného spaľovania. Slovenský prechod sa zdá byť oveľa ľahší ako poľský.
Na minha lista:
| Autor principal: | |
|---|---|
| Formato: | Capítulo de Livro |
| Idioma: | inglês |
| Assuntos: | |
| Tags: |
Sem tags, seja o primeiro a adicionar uma tag!
|
MARC
| LEADER | 00000naa a2200000 4500 | ||
|---|---|---|---|
| 001 | 0271159 | ||
| 005 | 20241118113318.7 | ||
| 041 | 0 | |a eng | |
| 044 | |a CA | ||
| 245 | 1 | 0 | |a <The> Future of Coal-Fired Power Plants in Poland and Slovakia |c Tomáš Kajánek |
| 520 | |a Ciele Európskej únie v oblasti dekarbonizácie. Podiel uhlia sa v celkovom energetickom mixe postupne znižuje. Prechod a minimalizovanie sociálnych škôd vyplývajúcich zo zastavenia ťažby uhlia a jeho následného spaľovania. Slovenský prechod sa zdá byť oveľa ľahší ako poľský. | ||
| 610 | 2 | 0 | |a elektrárne |
| 610 | 2 | 0 | |a dekarbonizácia |
| 610 | 2 | 0 | |a uhlie |
| 610 | 2 | 0 | |a Slovensko |
| 610 | 2 | 0 | |a Poľsko |
| 100 | 1 | |a Kajánek, Tomáš, 1995- | |